Memoria-anuario / (Record no. 183789)

MARC details
000 -LEADER
campo de control de longitud fija 01862nas a2200361 i 4500
001 - NÚMERO DE CONTROL
campo de control 183789
003 - IDENTIFICADOR DE NÚMERO DE CONTROL
campo de control ES-MaACL
005 - FECHA Y HORA DE LA ÚLTIMA TRANSACCIÓN
campo de control 20250217134913.0
008 - DATOS DE LONGITUD FIJA--INFORMACIÓN GENERAL
campo de control de longitud fija 141015d18781914sp ar | ||pa d
022 ## - NÚMERO INTERNACIONAL NORMALIZADO PARA PUBLICACIONES SERIADAS
Número Internacional Normalizado para Publicaciones Seriadas 1135-9064
080 ## - NÚMERO DE LA CLASIFICACIÓN DECIMAL UNIVERSAL
Número de la Clasificación Decimal Universal 378.4(460.27 M.)(060.55)
110 2# - ENTRADA PRINCIPAL--NOMBRE DE ENTIDAD CORPORATIVA
Nombre de entidad corporativa o nombre de jurisdicción como elemento de entrada Universidad Central (Madrid)
9 (RLIN) 7084
245 10 - MENCIÓN DEL TÍTULO
Título Memoria-anuario /
Mención de responsabilidad, etc. Universidad Central.
246 3# - FORMA VARIANTE DEL TITULO
Título propio/Titulo breve Memoria del curso de _ y Anuario del de _ :
Resto del título de su distrito universitario
260 ## - PUBLICACIÓN, DISTRIBUCIÓN, ETC.
Lugar de publicación, distribución, etc. Madrid :
Nombre del editor, distribuidor, etc. [Universidad Central],
Fecha de publicación, distribución, etc. [1878-1914] (
Fabricante Tip. de Gregorio Estrada) (
-- Imp. Colonial)
300 ## - DESCRIPCIÓN FÍSICA
Extensión v. ;
Dimensiones 29 y 32 cm.
310 ## - PERIODICIDAD ACTUAL
Periodicidad actual Anual
515 ## - NOTA DE PECULIARIDADES DE LA NUMERACIÓN
Nota de peculiaridades de la numeración La memoria corresponde al curso anterior al anuario.
580 ## - NOTA DE RELACIÓN COMPLEJA
Nota de relación compleja Escindida en: Universidad Central (Madrid). Memoria-estadística ; y en: Universidad Central (Madrid). Anuario.
594 ## - Nota al título y mención de responsabilidad
Nota al título y mención de responsabilidad Ligeras variaciones en tít.: memoria estadística ; memoria.
610 24 - PUNTO DE ACCESO ADICIONAL DE MATERIA--NOMBRE DE ENTIDAD CORPORATIVA
Nombre de entidad corporativa o nombre de jurisdicción como elemento de entrada Universidad Central (Madrid)-
Subdivisión de forma Memorias.
9 (RLIN) 141782
700 1# - ENTRADA AGREGADA--NOMBRE PERSONAL
Nombre de persona Estrada, Gregorio.
9 (RLIN) 126979
780 00 - ENLACE A UN TÍTULO/ENTRADA ANTERIOR
Encabezamiento principal Universidad Central (Madrid).
Título Memoria acerca del estado de la enseñanza en la Universidad Central y en los establecimientos de su distrito en el curso ..., anuario de ...
785 00 - ENTRADA/ENLACE A UN TÍTULO POSTERIOR
Encabezamiento principal Universidad Central (Madrid).
Título Memoria-estadística correspondiente al curso
785 00 - ENTRADA/ENLACE A UN TÍTULO POSTERIOR
Encabezamiento principal Universidad Central (Madrid).
Título Anuario
852 4# - LOCALIZACIÓN
Ubicación ES-MaACL
Número de control de estantería T-394-F-6-9
852 4# - LOCALIZACIÓN
Ubicación ES-MaACL
Número de control de estantería T-773-F-2-3
852 4# - LOCALIZACIÓN
Ubicación ES-MaACL
Número de control de estantería T-772-F-1-3
852 4# - LOCALIZACIÓN
Ubicación ES-MaACL
Número de control de estantería T-1020-F-5
Nota libre (Memoria del curso de 1898 a 99 y Anuario del de 1899 a 900 de su distrito universitario)
852 4# - LOCALIZACIÓN
Ubicación ES-MaACL
Número de control de estantería T-1020-F-6
Nota libre (Memoria del curso de 1900 a 1901 y Anuario del de 1901 a 1902 de su distrito universitario)
866 #0 - MENCIÓN TEXTUAL DE FONDOS--UNIDAD BIBLIOGRÁFICA BÁSICA
Fondos 1878-79, 1879-80, 1880-81, 1882-83, 1892-93, 1893-94, 1894-95, 1895-96, 1896-97, 1898-99, 1899-1900.
Holdings
Estatus retirado Estado de pérdida Estado de daño No para préstamo Colección Biblioteca de origen Biblioteca actual Ubicación en estantería Fecha de adquisición Fuente de adquisición Total de préstamos Signatura topográfica completa Código de barras Visto por última vez Precio de reemplazo Tipo de ítem Koha
        Colección de folletos Biblioteca del Ateneo de Madrid Biblioteca del Ateneo de Madrid Depósito folletos 15/10/2014     T-394-F-6-9 1193235 23/02/2023 23/02/2023 Folleto
        Colección de folletos Biblioteca del Ateneo de Madrid Biblioteca del Ateneo de Madrid Depósito folletos 04/08/2021     T-1020-F-5 1202603 23/02/2023 23/02/2023 Folleto
        Colección de folletos Biblioteca del Ateneo de Madrid Biblioteca del Ateneo de Madrid Depósito folletos 04/08/2021     T-1020-F-6 1202604 23/02/2023 23/02/2023 Folleto
        Colección de folletos Biblioteca del Ateneo de Madrid Biblioteca del Ateneo de Madrid Depósito folletos 14/04/2015     T-772-F-1-3 1193726 23/02/2023 23/02/2023 Folleto
        Colección de folletos Biblioteca del Ateneo de Madrid Biblioteca del Ateneo de Madrid Depósito folletos 30/10/2014     T-773-F-2-3 1193322 23/02/2023 23/02/2023 Folleto